000
00287nam a22001217a 4500
082
_a
623.6 TYT
100
_a
TYTLER, I. F. B
_9
74446
245
_a
VEHICLES AND BRIDGING
260
_a
UK
_b
BRASSEY'S
_c
1995
300
_a
195P
700
_a
THOMPSON, N. H ,JONES, B. E
_9
74447
942
_c
BK
999
_c
579974
_d
579974